№ 7-8; Бурение и нефть

Bibliografiske detaljer
Parent link:Бурение и нефть: специализированный журнал/ ООО "Бурнефть". № 7-8.— , 2002-2017, 2020-.— 2072-4799
Summary:Режим доступа: по договору с организацией-держателем ресурса
Sprog:russisk
Udgivet: 2021
Online adgang:https://www.elibrary.ru/contents.asp?id=46405753
Format: MixedMaterials Electronisk Bog
KOHA link:https://koha.lib.tpu.ru/cgi-bin/koha/opac-detail.pl?biblionumber=586616

MARC

LEADER 00000nam2a2200000 4500
001 586616
005 20231101131416.0
035 |a (RuTPU)RU\TPU\prd\289171 
035 |a RU\TPU\prd\289062 
090 |a 586616 
100 |a 20210929a20029999k y0rusy50 ca 
101 0 |a rus 
102 |a RU 
181 0 |a i  
182 0 |a b 
200 0 |a № 7-8  |b Электронный ресурс 
203 |a Текст  |c электронный 
210 |d 2021 
333 |a Режим доступа: по договору с организацией-держателем ресурса 
461 1 |0 (RuTPU)RU\TPU\prd\6484  |x 2072-4799  |t Бурение и нефть  |o специализированный журнал  |f ООО "Бурнефть"  |v № 7-8  |d 2002-2017, 2020- 
801 0 |a RU  |b 63413507  |c 20010227  |g PSBO 
801 1 |a RU  |b 63413507  |c 20170713 
801 2 |a RU  |b 63413507  |c 20210929  |g RCR 
856 4 0 |u https://www.elibrary.ru/contents.asp?id=46405753 
942 |c BK